000 00994nam a2200265Ia 4500
001 18119
003 GE_BSU
008 181216s||||||||xx |||||||||||||| ||und||
020 _a99941-10-015-4
040 _cGE_BSU
080 _a811.353'282
245 _aქართველური ენები და დიალექტები.
245 _bერთი "სამეცნიერო პოლემიკის" გამო
245 _cრედ. მ. მანჯგალაძე
250 _aარნოლდ ჩიქობავას ენათმეცნიერების ინ-ტი
260 _aთბილისი
260 _bმერიდიანი
260 _c2007
300 _a139გვ. ; 20სმ.
300 _eბიბლ.გვ.136-137
541 _h5ლ.
653 _aქართველური ენები და დიალექტები
653 _aქართული ენა
942 _cBK
999 _c51160
_d51160